<?xml version="1.0" encoding="UTF-8"?><?xml-stylesheet type="text/xsl" href="static/style.xsl"?><OAI-PMH xmlns="http://www.openarchives.org/OAI/2.0/" xmlns:xsi="http://www.w3.org/2001/XMLSchema-instance" xsi:schemaLocation="http://www.openarchives.org/OAI/2.0/ http://www.openarchives.org/OAI/2.0/OAI-PMH.xsd"><responseDate>2026-04-18T00:36:56Z</responseDate><request verb="GetRecord" identifier="oai:riubu.ubu.es:10259/6006" metadataPrefix="marc">https://riubu.ubu.es/oai/request</request><GetRecord><record><header><identifier>oai:riubu.ubu.es:10259/6006</identifier><datestamp>2021-11-02T12:23:54Z</datestamp><setSpec>com_10259.4_103</setSpec><setSpec>com_10259.4_1</setSpec><setSpec>com_10259_2604</setSpec><setSpec>col_10259_5853</setSpec></header><metadata><record xmlns="http://www.loc.gov/MARC21/slim" xmlns:doc="http://www.lyncode.com/xoai" xmlns:xsi="http://www.w3.org/2001/XMLSchema-instance" xmlns:dcterms="http://purl.org/dc/terms/" xsi:schemaLocation="http://www.loc.gov/MARC21/slim http://www.loc.gov/standards/marcxml/schema/MARC21slim.xsd">
<leader>00925njm 22002777a 4500</leader>
<datafield tag="042" ind1=" " ind2=" ">
<subfield code="a">dc</subfield>
</datafield>
<datafield tag="720" ind1=" " ind2=" ">
<subfield code="a">Vivancos Gómez, Miguel Carlos</subfield>
<subfield code="e">author</subfield>
</datafield>
<datafield tag="260" ind1=" " ind2=" ">
<subfield code="c">2012</subfield>
</datafield>
<datafield tag="520" ind1=" " ind2=" ">
<subfield code="a">El archivo del monasterio de San Salvador de Oña&#xd;
(Burgos), a pesar de los avatares de la desamortización de 1835, es&#xd;
uno de los más ricos de la España medieval. Aunque Juan del Álamo&#xd;
e Isabel Oceja dieron a conocer sus fondos, todavía hoy es posible&#xd;
encontrar algunos documentos inéditos de los siglos XII al XIV,&#xd;
como los cinco que aquí presentamos. Pero también se encuentran&#xd;
noticias de interés en obras de la época moderna, como la de Antonio&#xd;
Suárez de Alarcón, publicada en 1656, o en los numerosos pleitos que&#xd;
mantuvo el monasterio en defensa de sus derechos.</subfield>
</datafield>
<datafield tag="520" ind1=" " ind2=" ">
<subfield code="a">The archives of the Monastery of San Salvador de Oña&#xd;
(Burgos), in spite of the changes and commotions of the Desamortiza -&#xd;
ción of 1835, are still one of the richest in Spanish Middle Ages;&#xd;
although Juan del Álamo and Isabel Oceja allowed scholars to know&#xd;
its documental funds, even today it is possible to find out some&#xd;
unedited documents from centuries XII to XIV such as the five we&#xd;
study here. But we can also find pieces of news and notes of works&#xd;
of modern age, such as the one by Antonio Suarez de Alarcón, published&#xd;
in 1656, or in the numerous lawsuits that the monastery held&#xd;
to defend its rights.</subfield>
</datafield>
<datafield tag="024" ind2=" " ind1="8">
<subfield code="a">0211-8998</subfield>
</datafield>
<datafield tag="024" ind2=" " ind1="8">
<subfield code="a">http://hdl.handle.net/10259/6006</subfield>
</datafield>
<datafield ind1=" " ind2=" " tag="653">
<subfield code="a">Burgos</subfield>
</datafield>
<datafield ind1=" " ind2=" " tag="653">
<subfield code="a">Oña</subfield>
</datafield>
<datafield ind1=" " ind2=" " tag="653">
<subfield code="a">Silos</subfield>
</datafield>
<datafield ind1=" " ind2=" " tag="653">
<subfield code="a">Monasterios</subfield>
</datafield>
<datafield ind1=" " ind2=" " tag="653">
<subfield code="a">Pleitos</subfield>
</datafield>
<datafield ind1=" " ind2=" " tag="653">
<subfield code="a">Edad Media</subfield>
</datafield>
<datafield ind1=" " ind2=" " tag="653">
<subfield code="a">Edad Moderna</subfield>
</datafield>
<datafield ind1=" " ind2=" " tag="653">
<subfield code="a">Alfonso VIII</subfield>
</datafield>
<datafield ind1=" " ind2=" " tag="653">
<subfield code="a">Suárez de Alarcón</subfield>
</datafield>
<datafield tag="245" ind1="0" ind2="0">
<subfield code="a">El Monasterio de San Salvador de Oña en su milenario (1011-2011): noticias bibliográficas dispersas y cinco documentos inéditos</subfield>
</datafield>
</record></metadata></record></GetRecord></OAI-PMH>